000 00533nam a2200193 i 4500
001 bgj
100 1 _aGREGOROVIUS, Ferdinand.
245 1 0 _aWanderjahre in Italien :
_bvon Ravenna bis Capri /
_cFerdinand Gregorovius.
260 _aMünchen :
_bWilhelm Goldmann Verlag,
_c1962.
300 _a212 s. ;
_c18 cm.
651 9 _aWłochy
_xgeografia
830 _aGoldmanns Gelbe Taschenbücher
040 _cBPK
041 0 _ager
044 _aDEU
080 _a913(450)
942 _cKS
008 s gw f |000 0 ger
999 _c50011
_d50011
856 _uhttp://koha.tu.koszalin.pl/cgi-bin/koha/opac-detail.pl?biblionumber=50011
_yKatalog online BPK